000 01970cab a2200397 4500
001 ABS47505
008 090401t1992 xxu||||| |||| 00| 0 eng d
035 _a(Sirsi) u62294
041 _aeng
100 _aSmith, G.
245 _aGovernment planning advice: help or hindrance to the development industry?
260 _c1992
350 _a0
490 _aProperty Journal
_vOctober 1992, 21-23(3)
520 _aIdentifies the range of policy guidance offering advice on planning issues including DoE and DTp Circulars, Planning Policy Guidance (PPG) Notes and draft PPGs, Mineral Planning Guidance Notes and Ministeral statements. Footnotes summarise new and revised planning guidance issued July 1991 to July 1992. Concludes with examples of case law on a range of planning issues including green belt, presumption in favour of developments and evidence of demonstrable harm, housing land supply, Use Classes Order and the conversion of redundant buildings in the countryside.
650 _aBLAKER V SOS FOR THE ENVIRONMEMNT AND WEALDEN DC
650 _aCHARNWOOD BC V SOS FOR ENVIRONMENT AND SEYMOUR
650 _aLAUNCHDEAL LTD V SOS FOR ENVIRONMENT AND CAMDEN LBC
650 _aMINERAL PLANNING GUIDANCE NOTES
650 _aMINERAL PLANNING GUIDANCE
650 _aMINISTERAL STATEMENTS
650 _aORCHARD V SOS FOR ENVIRONMENT AND STROUD DC
650 _aPEHRSSON V SOS FOR THE ENVIRONMENT
650 _aPLANNING ISSUES
650 _aPLANNING POLICY GUIDANCE
650 _aPLANNING POLICY
650 _aREADING BC V SOS FOR ENVIRONMENT AND HIGGS AND HILL HOMES
650 _aROBERTS V KINGSWOOD BC AND ANOTHER
650 _aSEVENOAKS DC V SOS FOR ENVIRONMENT AND FIRST CHOICE ESTATES
650 _aSOUTH OXFORDSHIRE DC V SOS FOR THE ENVIRONMENT
650 _aVISION ENGINEERING LTD V SOS FOR ENVIRONMENT AND GUILDFORD
690 _aPLANNING LAW AND PRACTICE
700 _aMackney, C.
942 _n0
948 _c04/03/1997
999 _c38716
_d38716